<?xml version="1.0" encoding="UTF-8"?>
<record
    xmlns:xsi="http://www.w3.org/2001/XMLSchema-instance"
    xsi:schemaLocation="http://www.loc.gov/MARC21/slim http://www.loc.gov/standards/marcxml/schema/MARC21slim.xsd"
    xmlns="http://www.loc.gov/MARC21/slim">

  <leader>00735nam a2200241 a 4500</leader>
  <controlfield tag="001">22007</controlfield>
  <controlfield tag="003">BD-RjUL</controlfield>
  <controlfield tag="005">20211209000745.0</controlfield>
  <controlfield tag="008">140306s1930    nyuab    b    001 0 eng d</controlfield>
  <datafield tag="035" ind1=" " ind2=" ">
    <subfield code="a">(BD-RjUL)22072</subfield>
  </datafield>
  <datafield tag="040" ind1=" " ind2=" ">
    <subfield code="a">ANL</subfield>
    <subfield code="b">eng</subfield>
    <subfield code="c">ANL</subfield>
    <subfield code="d">BD-RjUL</subfield>
  </datafield>
  <datafield tag="041" ind1=" " ind2=" ">
    <subfield code="a">eng</subfield>
  </datafield>
  <datafield tag="082" ind1="0" ind2="4">
    <subfield code="a">940.18</subfield>
    <subfield code="b">LAC 1930</subfield>
  </datafield>
  <datafield tag="100" ind1="1" ind2=" ">
    <subfield code="a">Lamb, Harold,</subfield>
    <subfield code="d">1892-1962.</subfield>
    <subfield code="9">67960</subfield>
  </datafield>
  <datafield tag="245" ind1="1" ind2="4">
    <subfield code="a">The crusades :</subfield>
    <subfield code="b"> Iron men and saints  /</subfield>
    <subfield code="c"> Harold Lamb.</subfield>
  </datafield>
  <datafield tag="260" ind1=" " ind2=" ">
    <subfield code="a">Garden City ;</subfield>
    <subfield code="a"> New York :</subfield>
    <subfield code="b">Doubleday, Doran &amp; Company, Inc.,</subfield>
    <subfield code="c">C1930</subfield>
  </datafield>
  <datafield tag="300" ind1=" " ind2=" ">
    <subfield code="a">xi, 368 p. :</subfield>
    <subfield code="b">illus., maps ;</subfield>
    <subfield code="c">23 cm.</subfield>
  </datafield>
  <datafield tag="504" ind1=" " ind2=" ">
    <subfield code="a">"Selected bibliography": p. [351]-358, [469]-475.</subfield>
  </datafield>
  <datafield tag="650" ind1=" " ind2="0">
    <subfield code="a">Crusades.</subfield>
    <subfield code="9">67961</subfield>
  </datafield>
  <datafield tag="942" ind1=" " ind2=" ">
    <subfield code="2">ddc</subfield>
    <subfield code="c">BK</subfield>
  </datafield>
  <datafield tag="999" ind1=" " ind2=" ">
    <subfield code="c">22007</subfield>
    <subfield code="d">22007</subfield>
  </datafield>
  <datafield tag="952" ind1=" " ind2=" ">
    <subfield code="0">0</subfield>
    <subfield code="1">0</subfield>
    <subfield code="2">ddc</subfield>
    <subfield code="4">0</subfield>
    <subfield code="7">2</subfield>
    <subfield code="8">NFIC</subfield>
    <subfield code="a">RUCL</subfield>
    <subfield code="b">RUCL</subfield>
    <subfield code="c">Reading</subfield>
    <subfield code="d">1960-11-15</subfield>
    <subfield code="e">Qurashi</subfield>
    <subfield code="g">4.80</subfield>
    <subfield code="l">0</subfield>
    <subfield code="o">940.18 LAC 1930</subfield>
    <subfield code="r">2014-03-06 00:00:00</subfield>
    <subfield code="t">C-1</subfield>
    <subfield code="w">2014-03-06</subfield>
    <subfield code="y">BK</subfield>
  </datafield>
</record>
